000 00680nam a2200193 i 4500
001 81515
003 ES-MaACL
005 20250605122800.0
007 t|
008 041104s1915 sp ||||1| spa d
130 0 _aLazarillo de Tormes.
_9122472
245 1 3 _aLa vida de Lazarillo de Tormes o de sus fortunas y adversidades /
_c[Diego Hurtado de Mendoza] ; publicada por Adolfo Bonilla San Martín.
260 _aMadrid :
_b[Clásica Española],
_c1915.
300 _aXXVII, 146 p. ;
_c14 cm.
700 1 _aHurtado de Mendoza, Diego,
_d1503-1575
_9149494
700 1 _aBonilla y San Martín, Adolfo,
_d1875-1926
_930193
852 4 _aES-MaACL
_jD-5219
999 _c81515
_d81515